[Event "XXII. DBMM Schach"]
[Site "Dresden"]
[Date "2024.01.18"]
[Round "2.3"]
[Board "3"]
[White "Mueller, Mark"]
[Black "Limbach, Torsten"]
[Result "0-1"]
[WhiteElo "2059"]
[BlackElo "1980"]
[Annotator "br"]
[PlyCount "63"]
[GameId "489223819647"]
[EventDate "2024.01.18"]
[EventType "team-swiss"]
[EventRounds "7"]
[EventCountry "GER"]
[Tiebreak "Buchholz"]
[SourceTitle "XXII. DBMM Schach"]
[Source "FV Schach e.V."]
[SourceDate "2024.01.21"]
[SourceVersion "1"]
[SourceVersionDate "2024.01.21"]
[SourceQuality "1"]
[WhiteTeam "BA Tempelhof Berlin"]
[BlackTeam "BWVL Hamburg"]
[WhiteTeamCountry "GER"]
[BlackTeamCountry "GER"]

1. d4 d5 2. c4 c6 3. Nc3 Nf6 4. Bg5 Ne4 5. Nxe4 dxe4 6. Qd2 h6 7. Bh4 g5 8. Bg3 Bg7 9. O-O-O Bf5 10. h4 g4 11. f3 Nd7 12. Qf4 Be6 13. e3 Qa5 14. Kb1 exf3 15. gxf3 Qa4 16. b3 Qa3 17. Qe4 a5 18. Qc2 a4 19. e4 axb3 20. Qxb3 gxf3 21. Nxf3 Bg4 22. Be2 c5 23. Bf2 O-O 24. Rhg1 h5 25. Rd3 Qxb3+ 26. Rxb3 b6 27. d5 Ra4 28. a3 Rfa8 29. Ka2 Kf8 30. Bg3 b5 31. Rc1 b4 32. Ng1 0-1

[Event "XXII. DBMM Schach"]
[Site "Dresden"]
[Date "2024.01.18"]
[Round "2.4"]
[Board "4"]
[White "Hartmann, Jens"]
[Black "Kettenburg, Stefan"]
[Result "1/2-1/2"]
[WhiteElo "1817"]
[BlackElo "2050"]
[Annotator "br"]
[PlyCount "47"]
[GameId "489223819648"]
[EventDate "2024.01.18"]
[EventType "team-swiss"]
[EventRounds "7"]
[EventCountry "GER"]
[Tiebreak "Buchholz"]
[SourceTitle "XXII. DBMM Schach"]
[Source "FV Schach e.V."]
[SourceDate "2024.01.21"]
[SourceVersion "1"]
[SourceVersionDate "2024.01.21"]
[SourceQuality "1"]
[WhiteTeam "BWVL Hamburg"]
[BlackTeam "BA Tempelhof Berlin"]
[WhiteTeamCountry "GER"]
[BlackTeamCountry "GER"]

1. e4 c6 2. Nf3 d5 3. exd5 cxd5 4. d4 Nf6 5. Bd3 Nc6 6. c3 Bg4 7. h3 Bh5 8. g4 Bg6 9. Bf4 Qb6 10. b3 e6 11. Ne5 Nxe5 12. Bxe5 Nd7 13. Bf4 Rc8 14. Bxg6 hxg6 15. Qd3 Nf6 16. f3 Qc6 17. a4 a6 18. Kf2 Be7 19. Kg2 Bd6 20. Be3 Qc7 21. Bf2 g5 22. Ra2 Nd7 23. Re2 Nf8 24. Rhe1 1/2-1/2

[Event "XXII. DBMM Schach"]
[Site "Dresden"]
[Date "2024.01.18"]
[Round "2.1"]
[Board "1"]
[White "Bressler, Patrick"]
[Black "Meinhardt, Maximilian"]
[Result "1/2-1/2"]
[WhiteElo "2073"]
[BlackElo "2366"]
[Annotator "br"]
[PlyCount "45"]
[GameId "489223819649"]
[EventDate "2024.01.18"]
[EventType "team-swiss"]
[EventRounds "7"]
[EventCountry "GER"]
[Tiebreak "Buchholz"]
[SourceTitle "XXII. DBMM Schach"]
[Source "FV Schach e.V."]
[SourceDate "2024.01.21"]
[SourceVersion "1"]
[SourceVersionDate "2024.01.21"]
[SourceQuality "1"]
[WhiteTeam "Gardez Robe Berlin"]
[BlackTeam "d-fine Frankfurt"]
[WhiteTeamCountry "GER"]
[BlackTeamCountry "GER"]

1. e4 e6 2. d3 d5 3. Nd2 Nf6 4. g3 c5 5. Bg2 Nc6 6. Ngf3 Be7 7. O-O O-O 8. Re1 b5 9. e5 Nd7 10. Qe2 a5 11. Nf1 b4 12. h4 Ba6 13. Bf4 a4 14. N1h2 a3 15. b3 Rc8 16. Ng4 Nd4 17. Qd2 Bb7 18. Ng5 Rc7 19. Qd1 Nb6 20. Nf6+ gxf6 21. Nxh7 Kxh7 22. Qh5+ Kg8 23. Qg4+ 1/2-1/2

[Event "XXII. DBMM Schach"]
[Site "Dresden"]
[Date "2024.01.18"]
[Round "2.2"]
[Board "2"]
[White "Hellwig, Tobias"]
[Black "Weiss, Christian"]
[Result "1-0"]
[WhiteElo "2180"]
[BlackElo "2109"]
[Annotator "br"]
[PlyCount "67"]
[GameId "489223819650"]
[EventDate "2024.01.18"]
[EventType "team-swiss"]
[EventRounds "7"]
[EventCountry "GER"]
[Tiebreak "Buchholz"]
[SourceTitle "XXII. DBMM Schach"]
[Source "FV Schach e.V."]
[SourceDate "2024.01.21"]
[SourceVersion "1"]
[SourceVersionDate "2024.01.21"]
[SourceQuality "1"]
[WhiteTeam "d-fine Frankfurt"]
[BlackTeam "Gardez Robe Berlin"]
[WhiteTeamCountry "GER"]
[BlackTeamCountry "GER"]

1. d4 d5 2. c4 e6 3. Nc3 c6 4. e3 Nf6 5. Nf3 Nbd7 6. Be2 Bd6 7. O-O O-O 8. b3 dxc4 9. bxc4 e5 10. dxe5 Nxe5 11. Qb3 Qe7 12. Rd1 Re8 13. e4 Ng6 14. Be3 Nf4 15. Rxd6 Qxd6 16. e5 Nxe2+ 17. Nxe2 Qe7 18. exf6 Qxf6 19. Re1 Bg4 20. Nfd4 c5 21. Nc2 b6 22. Nf4 Bf5 23. Na3 Rad8 24. Nb5 Rd7 25. Nc3 Qe5 26. Ncd5 f6 27. h3 Kf7 28. Qb5 Qd6 29. Rd1 Rdd8 30. Qa4 Qd7 31. Qa6 g5 32. Nh5 Re6 33. Rd2 Rd6 34. Nhxf6 1-0

[Event "XXII. DBMM Schach"]
[Site "Dresden"]
[Date "2024.01.18"]
[Round "2.3"]
[Board "3"]
[White "Hoffmann, Michael"]
[Black "Sundorf, Jannik"]
[Result "0-1"]
[WhiteElo "1977"]
[BlackElo "2179"]
[Annotator "br"]
[PlyCount "98"]
[GameId "489223819651"]
[EventDate "2024.01.18"]
[EventType "team-swiss"]
[EventRounds "7"]
[EventCountry "GER"]
[Tiebreak "Buchholz"]
[SourceTitle "XXII. DBMM Schach"]
[Source "FV Schach e.V."]
[SourceDate "2024.01.21"]
[SourceVersion "1"]
[SourceVersionDate "2024.01.21"]
[SourceQuality "1"]
[WhiteTeam "Gardez Robe Berlin"]
[BlackTeam "d-fine Frankfurt"]
[WhiteTeamCountry "GER"]
[BlackTeamCountry "GER"]

1. d4 Nf6 2. Nf3 e6 3. e3 c5 4. Bd3 d5 5. c3 Nc6 6. Nbd2 cxd4 7. exd4 Bd6 8. O-O O-O 9. Re1 Qc7 10. Qe2 g6 11. Ne5 b6 12. Nf1 Bb7 13. Bh6 Rfe8 14. Ng3 Nd7 15. f4 Bf8 16. Bxf8 Rxf8 17. Qg4 f5 18. Qg5 Ndxe5 19. fxe5 Qe7 20. Qh6 Qg7 21. Qd2 Rfd8 22. Rf1 Rac8 23. Rf3 Rc7 24. Nh5 Qf8 25. Nf6+ Kh8 26. Rh3 Rf7 27. Qg5 Rxf6 28. exf6 Qf7 29. Re1 Rf8 30. Qh4 Bc8 31. Qh6 Qg8 32. Qg5 Qf7 33. Qh4 Nd8 34. c4 Bb7 35. Ree3 Bc6 36. g4 fxg4 37. Rhg3 Qxf6 38. Qxf6+ Rxf6 39. Rxg4 Kg7 40. b4 dxc4 41. Bxc4 a5 42. bxa5 bxa5 43. Rb3 Rf7 44. h4 h5 45. Rg5 Rf4 46. Bd3 Rxh4 47. Rxg6+ Kf7 48. Rg5 Bd5 49. Rb2 Rh1+ 0-1

[Event "XXII. DBMM Schach"]
[Site "Dresden"]
[Date "2024.01.18"]
[Round "2.4"]
[Board "4"]
[White "Yalcin, Alparslan"]
[Black "Schober, Ralf"]
[Result "1/2-1/2"]
[WhiteElo "2136"]
[BlackElo "2092"]
[Annotator "br"]
[PlyCount "105"]
[GameId "489223819652"]
[EventDate "2024.01.18"]
[EventType "team-swiss"]
[EventRounds "7"]
[EventCountry "GER"]
[Tiebreak "Buchholz"]
[SourceTitle "XXII. DBMM Schach"]
[Source "FV Schach e.V."]
[SourceDate "2024.01.21"]
[SourceVersion "1"]
[SourceVersionDate "2024.01.21"]
[SourceQuality "1"]
[WhiteTeam "d-fine Frankfurt"]
[BlackTeam "Gardez Robe Berlin"]
[WhiteTeamCountry "GER"]
[BlackTeamCountry "GER"]

1. e4 e6 2. d4 d5 3. Nd2 dxe4 4. Nxe4 Bd7 5. Nf3 Bc6 6. Bd3 Nd7 7. Qe2 Ngf6 8. Nxf6+ Nxf6 9. Be3 Bxf3 10. Qxf3 c6 11. c4 Qa5+ 12. Ke2 Qh5 13. Qxh5 Nxh5 14. d5 Nf6 15. dxe6 fxe6 16. Rad1 Be7 17. h3 Kf7 18. g4 Rhd8 19. b3 g6 20. Rhg1 b6 21. h4 Rac8 22. f3 Rh8 23. Rg2 Rcd8 24. Bc1 Rhg8 25. Bf4 Ne8 26. Rh1 Nf6 27. Rd1 c5 28. Rgg1 Rc8 29. Be5 Rcd8 30. h5 gxh5 31. g5 Nd7 32. Bc7 Rc8 33. Bf4 Nf8 34. Be3 Ng6 35. f4 Rcd8 36. Rh1 h4 37. Kf3 Rd6 38. Be4 Rxd1 39. Rxd1 Rd8 40. Rh1 Bf8 41. Kg4 Bg7 42. Rf1 Bd4 43. Bc1 Kg7 44. Bc2 Rf8 45. Re1 Kf7 46. Be4 Rd8 47. Bc2 Rf8 48. Bd1 Rd8 49. Bf3 Rf8 50. Kh5 Rd8 51. Bg4 Re8 52. Re2 Bg7 53. Bh3 1/2-1/2

[Event "XXII. DBMM Schach"]
[Site "Dresden"]
[Date "2024.01.18"]
[Round "2.1"]
[Board "1"]
[White "Hoffmann, Hendrik"]
[Black "Walther, Hans Wolfgang"]
[Result "1/2-1/2"]
[WhiteElo "2271"]
[BlackElo "2085"]
[Annotator "br"]
[PlyCount "119"]
[GameId "489223819653"]
[EventDate "2024.01.18"]
[EventType "team-swiss"]
[EventRounds "7"]
[EventCountry "GER"]
[Tiebreak "Buchholz"]
[SourceTitle "XXII. DBMM Schach"]
[Source "FV Schach e.V."]
[SourceDate "2024.01.21"]
[SourceVersion "1"]
[SourceVersionDate "2024.01.21"]
[SourceQuality "1"]
[WhiteTeam "le-tex Leipzig"]
[BlackTeam "Deutsche Bahn/BSW Berlin"]
[WhiteTeamCountry "GER"]
[BlackTeamCountry "GER"]

1. e4 e5 2. Nf3 Nc6 3. Nc3 Nf6 4. d4 exd4 5. Nd5 Nxd5 6. exd5 Bb4+ 7. Bd2 Qe7+ 8. Qe2 Bxd2+ 9. Kxd2 Qxe2+ 10. Bxe2 Nb4 11. Bc4 b5 12. Rae1+ Kf8 13. Bb3 Bb7 14. Nxd4 a6 15. d6 c5 16. c3 Nd5 17. Bxd5 Bxd5 18. Re5 cxd4 19. Rxd5 dxc3+ 20. bxc3 g6 21. a4 Kg7 22. Kd3 Kf6 23. g4 h6 24. h4 Rac8 25. axb5 axb5 26. Re1 Rc6 27. g5+ hxg5 28. hxg5+ Kg7 29. Re7 Rhc8 30. Rxd7 Rxc3+ 31. Ke2 Rc2+ 32. Kf3 R2c3+ 33. Kg2 R8c5 34. Rxc5 Rxc5 35. f4 b4 36. Rb7 Rd5 37. Rxb4 Rxd6 38. Kf3 Re6 39. Rb5 Re1 40. Ra5 Re6 41. Ra4 Re1 42. Re4 Rd1 43. Ke2 Rd5 44. Ke3 Ra5 45. Rd4 Rb5 46. Ke4 Ra5 47. Rd5 Ra4+ 48. Ke5 Ra6 49. Rc5 Re6+ 50. Kd5 Ra6 51. Rc6 Ra5+ 52. Rc5 Ra6 53. Ke4 Re6+ 54. Re5 Ra6 55. Rd5 Ra4+ 56. Ke5 Ra6 57. Rd7 Re6+ 58. Kd5 Re1 59. Rd6 Rd1+ 60. Ke5 1/2-1/2

[Event "XXII. DBMM Schach"]
[Site "Dresden"]
[Date "2024.01.18"]
[Round "2.2"]
[Board "2"]
[White "Tichatschke, Wolfgang"]
[Black "Rohne, Lars"]
[Result "1/2-1/2"]
[WhiteElo "1911"]
[BlackElo "2121"]
[Annotator "br"]
[PlyCount "27"]
[GameId "489223819654"]
[EventDate "2024.01.18"]
[EventType "team-swiss"]
[EventRounds "7"]
[EventCountry "GER"]
[Tiebreak "Buchholz"]
[SourceTitle "XXII. DBMM Schach"]
[Source "FV Schach e.V."]
[SourceDate "2024.01.21"]
[SourceVersion "1"]
[SourceVersionDate "2024.01.21"]
[SourceQuality "1"]
[WhiteTeam "Deutsche Bahn/BSW Berlin"]
[BlackTeam "le-tex Leipzig"]
[WhiteTeamCountry "GER"]
[BlackTeamCountry "GER"]

1. e4 c5 2. Nf3 e6 3. d4 cxd4 4. Nxd4 Nf6 5. Nc3 Nc6 6. Nxc6 bxc6 7. e5 Nd5 8. Nxd5 cxd5 9. Bd3 Ba6 10. O-O Bxd3 11. Qxd3 d6 12. Bf4 Qc7 13. exd6 Bxd6 14. Bxd6 1/2-1/2

[Event "XXII. DBMM Schach"]
[Site "Dresden"]
[Date "2024.01.18"]
[Round "2.3"]
[Board "3"]
[White "Poessel, Christian"]
[Black "Strauss, Peter"]
[Result "1/2-1/2"]
[WhiteElo "2010"]
[BlackElo "1849"]
[Annotator "br"]
[PlyCount "90"]
[GameId "489223819655"]
[EventDate "2024.01.18"]
[EventType "team-swiss"]
[EventRounds "7"]
[EventCountry "GER"]
[Tiebreak "Buchholz"]
[SourceTitle "XXII. DBMM Schach"]
[Source "FV Schach e.V."]
[SourceDate "2024.01.21"]
[SourceVersion "1"]
[SourceVersionDate "2024.01.21"]
[SourceQuality "1"]
[WhiteTeam "le-tex Leipzig"]
[BlackTeam "Deutsche Bahn/BSW Berlin"]
[WhiteTeamCountry "GER"]
[BlackTeamCountry "GER"]

1. d4 d5 2. c4 c6 3. Nf3 Nf6 4. Nc3 e6 5. g3 Bd6 6. Bg2 O-O 7. O-O Nbd7 8. Qc2 h6 9. e4 dxe4 10. Nxe4 Nxe4 11. Qxe4 c5 12. Rd1 Qc7 13. Be3 Nf6 14. Qd3 Ng4 15. dxc5 Bxc5 16. Bxc5 Qxc5 17. Qd4 Qxd4 18. Rxd4 e5 19. Rd6 e4 20. Nd4 Nf6 21. Rd1 Bg4 22. Rd2 Ne8 23. Rd5 Nf6 24. Rb5 Rab8 25. Nc2 Rfd8 26. Rxd8+ Rxd8 27. Ne3 Bc8 28. Kf1 b6 29. Ke1 Bb7 30. Rb3 Nd7 31. Bf1 Nc5 32. Ra3 a5 33. Be2 g6 34. h4 Kg7 35. Rc3 h5 36. b3 f5 37. Rc2 Kf6 38. Rd2 Rxd2 39. Kxd2 Ke5 40. Ng2 Ne6 41. Ke3 Bc6 42. Nf4 Nf8 43. a3 Be8 44. b4 axb4 45. axb4 Nd7 1/2-1/2

[Event "XXII. DBMM Schach"]
[Site "Dresden"]
[Date "2024.01.18"]
[Round "2.4"]
[Board "4"]
[White "Fitzke, Ulrich"]
[Black "Heinrich, Thomas"]
[Result "0-1"]
[WhiteElo "1765"]
[BlackElo "2193"]
[Annotator "br"]
[PlyCount "79"]
[GameId "489223819656"]
[EventDate "2024.01.18"]
[EventType "team-swiss"]
[EventRounds "7"]
[EventCountry "GER"]
[Tiebreak "Buchholz"]
[SourceTitle "XXII. DBMM Schach"]
[Source "FV Schach e.V."]
[SourceDate "2024.01.21"]
[SourceVersion "1"]
[SourceVersionDate "2024.01.21"]
[SourceQuality "1"]
[WhiteTeam "Deutsche Bahn/BSW Berlin"]
[BlackTeam "le-tex Leipzig"]
[WhiteTeamCountry "GER"]
[BlackTeamCountry "GER"]

1. d4 Nf6 2. c4 g6 3. Nc3 Bg7 4. e3 d6 5. Bd3 O-O 6. Nge2 e5 7. O-O c6 8. b3 Re8 9. Qc2 Nbd7 10. Bb2 a6 11. Rad1 Qe7 12. e4 Nh5 13. d5 c5 14. f3 Bh6 15. Bc1 Qf8 16. Bxh6 Qxh6 17. Qc1 Qg7 18. Kh1 Rf8 19. f4 Nxf4 20. Nxf4 exf4 21. Rxf4 Ne5 22. Bb1 Bd7 23. Rdf1 f6 24. h3 b5 25. cxb5 axb5 26. Qe3 b4 27. Ne2 Bb5 28. Rc1 Qh6 29. Ng1 Rf7 30. Re1 Raf8 31. Qf2 Bd3 32. Qd2 Bxb1 33. Rxb1 Nd3 34. Ne2 Nxf4 35. Nxf4 f5 36. Qc1 fxe4 37. Ne6 Qxc1+ 38. Rxc1 Rf1+ 39. Rxf1 Rxf1+ 40. Kh2 0-1

[Event "XXII. DBMM Schach"]
[Site "Dresden"]
[Date "2024.01.18"]
[Round "2.1"]
[Board "1"]
[White "Zahn, Fabian"]
[Black "Seger, Ruediger"]
[Result "1/2-1/2"]
[WhiteElo "1983"]
[BlackElo "2269"]
[Annotator "br"]
[PlyCount "55"]
[GameId "489223819662"]
[EventDate "2024.01.18"]
[EventType "team-swiss"]
[EventRounds "7"]
[EventCountry "GER"]
[Tiebreak "Buchholz"]
[SourceTitle "XXII. DBMM Schach"]
[Source "FV Schach e.V."]
[SourceDate "2024.01.21"]
[SourceVersion "1"]
[SourceVersionDate "2024.01.21"]
[SourceQuality "1"]
[WhiteTeam "Siemens Energy Duisburg"]
[BlackTeam "Deutsche Post Bonn"]
[WhiteTeamCountry "GER"]
[BlackTeamCountry "GER"]

1. d4 Nf6 2. Bf4 g6 3. Nc3 d5 4. e3 Bg7 5. h4 h5 6. Nf3 Bg4 7. Qd2 Bxf3 8. gxf3 c6 9. O-O-O Nbd7 10. e4 e6 11. Bg5 Qb8 12. Bh3 b5 13. Qe3 O-O 14. Kb1 Re8 15. e5 Nh7 16. Bh6 Qd8 17. Bxg7 Kxg7 18. Rde1 Kh8 19. Ne2 Rg8 20. f4 Qe7 21. f5 exf5 22. Nf4 Ndf8 23. e6 Nxe6 24. Re2 Rae8 25. Nd3 Qd6 26. Ne5 Nd8 27. Qh6 Qf8 28. Qd2 1/2-1/2

[Event "XXII. DBMM Schach"]
[Site "Dresden"]
[Date "2024.01.18"]
[Round "2.2"]
[Board "2"]
[White "Lunnebach, Oliver"]
[Black "Muranyi, Erich"]
[Result "1-0"]
[WhiteElo "2158"]
[BlackElo "1986"]
[Annotator "br"]
[PlyCount "83"]
[GameId "489223819663"]
[EventDate "2024.01.18"]
[EventType "team-swiss"]
[EventRounds "7"]
[EventCountry "GER"]
[Tiebreak "Buchholz"]
[SourceTitle "XXII. DBMM Schach"]
[Source "FV Schach e.V."]
[SourceDate "2024.01.21"]
[SourceVersion "1"]
[SourceVersionDate "2024.01.21"]
[SourceQuality "1"]
[WhiteTeam "Deutsche Post Bonn"]
[BlackTeam "Siemens Energy Duisburg"]
[WhiteTeamCountry "GER"]
[BlackTeamCountry "GER"]

1. d4 d5 2. c4 dxc4 3. e3 e5 4. Bxc4 exd4 5. exd4 Nc6 6. Be3 Nf6 7. Nc3 Be7 8. h3 O-O 9. Nf3 Nb4 10. O-O c6 11. Bf4 h6 12. a3 Nbd5 13. Be5 Bf5 14. Bd3 Qd7 15. Qc2 Bxd3 16. Qxd3 Rad8 17. Qd1 Nh5 18. Nxd5 Qxd5 19. Re1 f6 20. Bh2 Bd6 21. Bxd6 Qxd6 22. Qb3+ Rf7 23. Re3 Nf4 24. Rae1 Nd5 25. Re8+ Rxe8 26. Rxe8+ Kh7 27. Qc2+ g6 28. Nh4 f5 29. Nf3 Nf6 30. Re3 Re7 31. Rxe7+ Qxe7 32. Ne5 Nd7 33. Nf3 Qd6 34. Qb3 b6 35. Qf7+ Kh8 36. Nh4 Nf8 37. Qxf8+ Qxf8 38. Nxg6+ Kg7 39. Nxf8 Kxf8 40. Kf1 Ke7 41. Ke2 Ke6 42. g4 1-0

[Event "XXII. DBMM Schach"]
[Site "Dresden"]
[Date "2024.01.18"]
[Round "2.3"]
[Board "3"]
[White "Bauland, Thomas"]
[Black "Lorenz, Roger"]
[Result "0-1"]
[WhiteElo "1892"]
[BlackElo "2152"]
[Annotator "br"]
[PlyCount "68"]
[GameId "489223819664"]
[EventDate "2024.01.18"]
[EventType "team-swiss"]
[EventRounds "7"]
[EventCountry "GER"]
[Tiebreak "Buchholz"]
[SourceTitle "XXII. DBMM Schach"]
[Source "FV Schach e.V."]
[SourceDate "2024.01.21"]
[SourceVersion "1"]
[SourceVersionDate "2024.01.21"]
[SourceQuality "1"]
[WhiteTeam "Siemens Energy Duisburg"]
[BlackTeam "Deutsche Post Bonn"]
[WhiteTeamCountry "GER"]
[BlackTeamCountry "GER"]

1. Nc3 d5 2. e4 dxe4 3. Nxe4 Nf6 4. Nxf6+ exf6 5. d4 Bd6 6. Bb5+ c6 7. Bd3 O-O 8. Ne2 Qc7 9. Be3 Re8 10. Ng3 Bf4 11. Qd2 Nd7 12. O-O Bxe3 13. fxe3 Nf8 14. Rae1 Be6 15. a3 c5 16. c3 Rad8 17. Qf2 Ng6 18. Qf3 Qd7 19. Ne4 b6 20. Qg3 Bd5 21. Nd2 Bb7 22. h4 Qd5 23. Qg4 Nxh4 24. Bxh7+ Kh8 25. e4 Qg5 26. Qxg5 fxg5 27. Rxf7 Bd5 28. Rxa7 Kxh7 29. c4 Bxc4 30. Nxc4 Rxd4 31. Nxb6 Rd2 32. Nc4 Rxg2+ 33. Kh1 Rc2 34. Nd6 Nf3 0-1

[Event "XXII. DBMM Schach"]
[Site "Dresden"]
[Date "2024.01.18"]
[Round "2.4"]
[Board "4"]
[White "Dehmel, Jens"]
[Black "Feldhoff, Markus"]
[Result "1/2-1/2"]
[WhiteElo "1964"]
[BlackElo "1874"]
[Annotator "br"]
[PlyCount "92"]
[GameId "489223819665"]
[EventDate "2024.01.18"]
[EventType "team-swiss"]
[EventRounds "7"]
[EventCountry "GER"]
[Tiebreak "Buchholz"]
[SourceTitle "XXII. DBMM Schach"]
[Source "FV Schach e.V."]
[SourceDate "2024.01.21"]
[SourceVersion "1"]
[SourceVersionDate "2024.01.21"]
[SourceQuality "1"]
[WhiteTeam "Deutsche Post Bonn"]
[BlackTeam "Siemens Energy Duisburg"]
[WhiteTeamCountry "GER"]
[BlackTeamCountry "GER"]

1. d4 d6 2. e4 c6 3. c4 Qc7 4. f4 e5 5. Nf3 Bg4 6. Be2 Nd7 7. O-O Ngf6 8. Nc3 Be7 9. Be3 O-O 10. Qd2 Rfe8 11. h3 Bxf3 12. Bxf3 Bf8 13. fxe5 dxe5 14. d5 Bb4 15. a3 Bc5 16. Bxc5 Nxc5 17. b4 Nb3 18. Qe3 Nxa1 19. Rxa1 a5 20. Rd1 axb4 21. axb4 Nd7 22. c5 Ra3 23. Qd2 Nf6 24. d6 Qd8 25. Qb2 Qa8 26. Kh2 Ra7 27. Qb3 Qd8 28. Na4 Nd7 29. Bg4 b5 30. cxb6 Nxb6 31. Nc5 g6 32. Be2 Nd7 33. Na4 Kg7 34. b5 Qa5 35. Nc3 cxb5 36. Bxb5 Rc8 37. Bxd7 Rxd7 38. Nb5 Rb8 39. Rd5 f6 40. Qc4 Qd8 41. Nc7 Qg8 42. Qc6 Qf7 43. Na6 Rbd8 44. Nc5 h5 45. Nxd7 Rxd7 46. Qc8 Qe6 1/2-1/2

[Event "XXII. DBMM Schach"]
[Site "Dresden"]
[Date "2024.01.18"]
[Round "2.1"]
[Board "1"]
[White "Schulz, Michael"]
[Black "Koscielski, Janusz"]
[Result "0-1"]
[WhiteElo "2172"]
[BlackElo "2261"]
[Annotator "br"]
[PlyCount "84"]
[GameId "489223819666"]
[EventDate "2024.01.18"]
[EventType "team-swiss"]
[EventRounds "7"]
[EventCountry "GER"]
[Tiebreak "Buchholz"]
[SourceTitle "XXII. DBMM Schach"]
[Source "FV Schach e.V."]
[SourceDate "2024.01.21"]
[SourceVersion "1"]
[SourceVersionDate "2024.01.21"]
[SourceQuality "1"]
[WhiteTeam "SV Osram Berlin"]
[BlackTeam "fachpool gGmbH Herne"]
[WhiteTeamCountry "GER"]
[BlackTeamCountry "GER"]

1. d4 e6 2. Bf4 d5 3. e3 Nf6 4. Nd2 c5 5. c3 Bd6 6. Bg3 O-O 7. Ngf3 Qc7 8. dxc5 Qxc5 9. Bd3 Nbd7 10. e4 Bxg3 11. hxg3 dxe4 12. Nxe4 Nxe4 13. Bxe4 Nf6 14. Bc2 e5 15. Rh4 h6 16. Qd2 Bg4 17. Rxh6 e4 18. Rxf6 exf3 19. Rxf3 Bxf3 20. gxf3 Rad8 21. Bd3 Qh5 22. O-O-O Qxf3 23. Qe2 Qxe2 24. Bxe2 Rxd1+ 25. Kxd1 Rd8+ 26. Kc2 Kf8 27. a4 a5 28. b4 b6 29. bxa5 bxa5 30. c4 Ke7 31. Kc3 Kd6 32. Bh5 g6 33. Bf3 Kc5 34. Bd5 f6 35. g4 Rb8 36. f4 g5 37. fxg5 fxg5 38. Be6 Re8 39. Bd5 Re3+ 40. Kb2 Kb4 41. Kc2 Ra3 42. Be6 Kxa4 0-1

[Event "XXII. DBMM Schach"]
[Site "Dresden"]
[Date "2024.01.18"]
[Round "2.2"]
[Board "2"]
[White "Hortolani, Sven Holger"]
[Black "Rath, Alina"]
[Result "0-1"]
[WhiteElo "2135"]
[BlackElo "2140"]
[Annotator "br"]
[PlyCount "84"]
[GameId "489223819667"]
[EventDate "2024.01.18"]
[EventType "team-swiss"]
[EventRounds "7"]
[EventCountry "GER"]
[Tiebreak "Buchholz"]
[SourceTitle "XXII. DBMM Schach"]
[Source "FV Schach e.V."]
[SourceDate "2024.01.21"]
[SourceVersion "1"]
[SourceVersionDate "2024.01.21"]
[SourceQuality "1"]
[WhiteTeam "fachpool gGmbH Herne"]
[BlackTeam "SV Osram Berlin"]
[WhiteTeamCountry "GER"]
[BlackTeamCountry "GER"]

1. Nf3 d5 2. g3 c5 3. Bg2 Nc6 4. d4 e6 5. O-O Nf6 6. c4 Be7 7. cxd5 exd5 8. Nc3 O-O 9. dxc5 Bxc5 10. b3 Re8 11. Bb2 Bg4 12. Rc1 a6 13. h3 Bf5 14. e3 Ba7 15. Ne2 Be4 16. Ned4 Nb4 17. Qd2 Nd3 18. Rc3 Nxb2 19. Qxb2 Qd7 20. Rfc1 Bb6 21. Kh2 h6 22. a3 Bg6 23. b4 Ne4 24. R3c2 Nd6 25. Rc3 Nc4 26. Qe2 a5 27. b5 a4 28. Qa2 Ba5 29. Rxc4 dxc4 30. Rxc4 Bd8 31. Qb2 Be4 32. Nd2 Bd3 33. Rc3 Bg6 34. Nc4 Rc8 35. Qb4 Ra8 36. Qb2 Be4 37. Bf1 Bd5 38. Qc2 Kh8 39. Nb2 Ba5 40. Rc5 Bb6 41. Rc3 Bxd4 42. exd4 Bb3 0-1

[Event "XXII. DBMM Schach"]
[Site "Dresden"]
[Date "2024.01.18"]
[Round "2.3"]
[Board "3"]
[White "Eisermann, Daniel"]
[Black "Leveikina, Jevgenija"]
[Result "1/2-1/2"]
[WhiteElo "2014"]
[BlackElo "2064"]
[Annotator "br"]
[PlyCount "55"]
[GameId "489223819668"]
[EventDate "2024.01.18"]
[EventType "team-swiss"]
[EventRounds "7"]
[EventCountry "GER"]
[Tiebreak "Buchholz"]
[SourceTitle "XXII. DBMM Schach"]
[Source "FV Schach e.V."]
[SourceDate "2024.01.21"]
[SourceVersion "1"]
[SourceVersionDate "2024.01.21"]
[SourceQuality "1"]
[WhiteTeam "SV Osram Berlin"]
[BlackTeam "fachpool gGmbH Herne"]
[WhiteTeamCountry "GER"]
[BlackTeamCountry "GER"]

1. e4 c6 2. d4 d5 3. exd5 cxd5 4. Bd3 Nf6 5. c3 Nc6 6. Bf4 Bg4 7. Qb3 Qc8 8. Nd2 e6 9. Ngf3 Be7 10. O-O O-O 11. Rfe1 Bh5 12. Ne5 Nxe5 13. Bxe5 a6 14. Rac1 b5 15. a4 bxa4 16. Qxa4 Nd7 17. Bg3 Bg5 18. Qc2 Bg6 19. Bxg6 hxg6 20. Ra1 Bxd2 21. Qxd2 Nf6 22. f3 Qc4 23. Ra5 Rfc8 24. Rea1 Ra7 25. R1a4 Qc6 26. Qd3 Rca8 27. Ra1 Qb6 28. Qe2 1/2-1/2

[Event "XXII. DBMM Schach"]
[Site "Dresden"]
[Date "2024.01.18"]
[Round "2.4"]
[Board "4"]
[White "Selmanaj, Agim"]
[Black "Gebert Vangeel, Ralf"]
[Result "0-1"]
[WhiteElo "1643"]
[BlackElo "2007"]
[Annotator "br"]
[PlyCount "50"]
[GameId "489223819669"]
[EventDate "2024.01.18"]
[EventType "team-swiss"]
[EventRounds "7"]
[EventCountry "GER"]
[Tiebreak "Buchholz"]
[SourceTitle "XXII. DBMM Schach"]
[Source "FV Schach e.V."]
[SourceDate "2024.01.21"]
[SourceVersion "1"]
[SourceVersionDate "2024.01.21"]
[SourceQuality "1"]
[WhiteTeam "fachpool gGmbH Herne"]
[BlackTeam "SV Osram Berlin"]
[WhiteTeamCountry "GER"]
[BlackTeamCountry "GER"]

1. e4 e5 2. Bc4 Nf6 3. d3 Be7 4. Nc3 O-O 5. Nge2 c6 6. Ng3 d5 7. Bb3 Na6 8. a3 Nc5 9. Ba2 Bg4 10. f3 Be6 11. b4 Na6 12. O-O Nc7 13. f4 exf4 14. Bxf4 a5 15. e5 Nd7 16. Qb1 axb4 17. axb4 Nb5 18. Nxb5 Qb6+ 19. d4 Qxb5 20. c3 Ra3 21. Bb3 Rxa1 22. Qxa1 Qb6 23. Bc2 g5 24. Qd1 f5 25. Qh5 Qd8 {Zeit.} 0-1